000 01470cam a22003977a 4500
003 CHAP
005 20220329141859.0
008 980402d1997 mx r 00110 spa d
010 _a75201
011 _a76173
035 _a85751
040 _cCHAP
090 _aTesis
100 0 0 _aBuendía Espinoza, Julio César.
_915945
245 1 0 _aRespuesta a la salinidad cualitativa y cuantitativa en germinación y emergencia en maíz (Zea mays L.) Blanco Hualahuises
_c/por Julio César Buendía Espinoza
260 _aChapingo, Méx. :
_bEl autor,
_c1997.
300 _a126 h. :
_bgráfs.
502 _aTesis (Ing. Agr. Esp. en Irrigación) -- UACH. Departamento de Irrigación
590 _aALEPH
_b10
_c20130110
_lUCH01
_h1423
590 _aBATCH-UPD
_b10
_c20130110
_lUCH01
_h0301
590 _aBATCH-UPD
_b10
_c20130110
_lUCH01
_h1841
590 _aBATCH-UPD
_b10
_c20130409
_lUCH01
_h2332
590 _aBATCH-UPD
_b10
_c20130410
_lUCH01
_h1351
590 _aBATCH-UPD
_b10
_c20130914
_lUCH01
_h1755
590 _aCONVERSION
_b10
_c20130109
_lUCH01
_h1341
650 1 4 _aMaíz
_xFisiología y morfología.
_970958
650 1 4 _aMaíz
_xGerminación.
_970965
650 1 4 _aMaíz
_xVariedades.
_971081
650 1 4 _aPlantas
_xEfecto de la sal.
_988817
650 1 4 _aSuelos salinos.
_9110558
901 _aBK
905 _aMayto Villalobos S.
942 _cFOLL
949 _bBC
_cTES
_d33724000587366
_eTS2
_fc.2
_h32139
_i85751
_sb
949 _bBC
_cTES
_d857511
_eTS1
_h32138
_i85751
_sb
999 _c75201
_d75201